[Event "DEM U10 2019"]
[Site "Willingen GER"]
[Date "2019.06.13"]
[Round "8"]
[White "Freude, Paul"]
[Black "Sauer, Tim"]
[Result "0-1"]
[Termination "normal"]
[Board "4"]
[WhiteElo "1713"]
[BlackElo "1553"]
[WhiteClock "00:37:14"]
[BlackClock "00:02:39"]
[PlyCount "108"]
[WhiteFideId "16280717"]
[BlackFideId "16265726"]
[EventCountry "GER"]
[EventRounds "11"]
[EventType "swiss"]
[EventDate "2019.06.08"]

1. e4 {[%clk 1:15:58]} 1... c6 {[%clk 1:15:55]} 2. d4 {[%clk 1:16:23]} 2... d5
{[%clk 1:16:22]} 3. exd5 {[%clk 1:16:44]} 3... cxd5 {[%clk 1:16:45]} 4. Bd3 {
[%clk 1:16:57]} 4... Nc6 {[%clk 1:17:11]} 5. c3 {[%clk 1:17:19]} 5... Nf6 {
[%clk 1:17:37]} 6. Bf4 {[%clk 1:17:37]} 6... g6 {[%clk 1:17:45]} 7. Ne2 { [%clk
1:16:01]} 7... Bg7 {[%clk 1:18:04]} 8. O-O {[%clk 1:16:13]} 8... O-O { [%clk
1:18:25]} 9. Nd2 {[%clk 1:15:18]} 9... Nh5 {[%clk 1:14:25]} 10. Bg3 { [%clk
1:13:30]} 10... Nxg3 {[%clk 1:13:18]} 11. fxg3 {[%clk 1:13:15]} 11... e5 {[%clk
1:12:01]} 12. dxe5 {[%clk 1:12:38]} 12... Nxe5 {[%clk 1:11:53]} 13. Nb3 {[%clk
1:11:49]} 13... Ng4 {[%clk 1:09:57]} 14. Qd2 {[%clk 1:06:37]} 14... b6 { [%clk
0:55:02]} 15. h3 {[%clk 1:04:23]} 15... Ne5 {[%clk 0:52:23]} 16. Bc2 { [%clk
1:02:01]} 16... Nc4 {[%clk 0:52:12]} 17. Qc1 {[%clk 0:59:05]} 17... Re8 { [%clk
0:46:21]} 18. Nbd4 {[%clk 0:57:23]} 18... Bb7 {[%clk 0:44:21]} 19. Rf3 { [%clk
0:53:00]} 19... Qd7 {[%clk 0:38:36]} 20. b3 {[%clk 0:51:54]} 20... Nd6 { [%clk
0:36:55]} 21. Re3 {[%clk 0:49:27]} 21... Ne4 {[%clk 0:36:12]} 22. Bxe4 { [%clk
0:45:10]} 22... dxe4 {[%clk 0:34:34]} 23. Qc2 {[%clk 0:43:42]} 23... Rac8
{[%clk 0:32:07]} 24. Rd1 {[%clk 0:43:27]} 24... Qc7 {[%clk 0:30:25]} 25. Nb5 {
[%clk 0:40:04]} 25... Qc5 {[%clk 0:29:03]} 26. Nbd4 {[%clk 0:38:36]} 26... Rcd8
{[%clk 0:25:33]} 27. Qb2 {[%clk 0:33:11]} 27... Ba6 {[%clk 0:17:38]} 28. b4 {
[%clk 0:30:33]} 28... Qc4 {[%clk 0:11:39]} 29. Qb3 {[%clk 0:28:48]} 29... Qxb3
{[%clk 0:10:52]} 30. axb3 {[%clk 0:29:04]} 30... Bxe2 31. Rxe2 {[%clk 0:29:25]}
31... Bxd4+ {[%clk 0:09:00]} 32. Rxd4 {[%clk 0:29:35]} 32... Rxd4 { [%clk
0:09:24]} 33. cxd4 {[%clk 0:29:53]} 33... f5 {[%clk 0:09:08]} 34. Rc2 { [%clk
0:28:06]} 34... Rd8 {[%clk 0:07:09]} 35. Rc4 {[%clk 0:27:12]} 35... a6 { [%clk
0:04:06]} 36. Rc6 {[%clk 0:26:07]} 36... b5 {[%clk 0:04:09]} 37. Rxa6 { [%clk
0:26:09]} 37... Rxd4 {[%clk 0:04:30]} 38. Kf2 {[%clk 0:26:15]} 38... Rxb4
{[%clk 0:04:51]} 39. Ra3 {[%clk 0:26:34]} 39... Kf7 {[%clk 0:04:40]} 40. Ke3 {
[%clk 0:26:22]} 40... Ke6 {[%clk 0:03:27]} 41. Kf4 {[%clk 0:25:08]} 41... Kd5 {
[%clk 0:00:49]} 42. Ke3 {[%clk 0:25:01]} 42... Ke5 {[%clk 0:14:31]} 43. g4 {
[%clk 0:40:02]} 43... f4+ {[%clk 0:14:31]} 44. Ke2 {[%clk 0:39:57]} 44... e3 {
[%clk 0:11:34]} 45. Ra8 {[%clk 0:39:01]} 45... Rxb3 {[%clk 0:05:53]} 46. Re8+ {
[%clk 0:39:10]} 46... Kf6 {[%clk 0:06:08]} 47. Rf8+ {[%clk 0:39:22]} 47... Kg5
{[%clk 0:04:16]} 48. Kf3 {[%clk 0:38:28]} 48... Rb2 {[%clk 0:02:39]} 49. Rxf4 {
[%clk 0:37:31]} 49... Rf2+ {[%clk 0:02:20]} 50. Kxe3 {[%clk 0:37:32]} 50...
Rxf4 {[%clk 0:02:41]} 51. g3 {[%clk 0:37:14]} 51... Rc4 {[%clk 0:02:39]} 52.
Kf3 b4 53. h4+ Kf6 54. g5+ Ke6 0-1

[Event "DEM U10 2019"]
[Site "Willingen GER"]
[Date "2019.06.13"]
[Round "8"]
[White "Fietz, Nils"]
[Black "Haubold, Christian Lucas"]
[Result "1/2-1/2"]
[Termination "normal"]
[Board "7"]
[WhiteElo "1677"]
[BlackElo "1387"]
[WhiteClock "00:18:30"]
[BlackClock "00:15:43"]
[PlyCount "87"]
[WhiteFideId "16263880"]
[BlackFideId "16259629"]
[EventCountry "GER"]
[EventRounds "11"]
[EventType "swiss"]
[EventDate "2019.06.08"]

1. f4 {[%clk 1:15:57]} 1... c5 {[%clk 1:15:44]} 2. Nf3 {[%clk 1:16:16]} 2... d5
{[%clk 1:14:39]} 3. g3 {[%clk 1:16:30]} 3... Nf6 {[%clk 1:14:42]} 4. Bg2 {
[%clk 1:16:44]} 4... e6 {[%clk 1:14:12]} 5. O-O {[%clk 1:16:11]} 5... Bd6 {
[%clk 1:14:08]} 6. d3 {[%clk 1:16:11]} 6... O-O {[%clk 1:09:24]} 7. c3 { [%clk
1:15:04]} 7... Nc6 {[%clk 1:08:10]} 8. Na3 {[%clk 1:14:23]} 8... a6 { [%clk
1:07:06]} 9. Nc2 {[%clk 1:14:10]} 9... Bd7 {[%clk 1:06:52]} 10. Qe1 { [%clk
1:11:22]} 10... Qc7 {[%clk 1:00:26]} 11. e4 {[%clk 1:10:02]} 11... dxe4 { [%clk
1:00:35]} 12. dxe4 {[%clk 1:10:24]} 12... e5 {[%clk 0:50:07]} 13. f5 { [%clk
1:10:02]} 13... Nh5 {[%clk 0:41:24]} 14. Qe2 {[%clk 0:57:28]} 14... g6 { [%clk
0:39:10]} 15. Nh4 {[%clk 0:56:30]} 15... Be7 {[%clk 0:37:12]} 16. Bf3 { [%clk
0:52:30]} 16... Ng7 {[%clk 0:32:00]} 17. Bh6 {[%clk 0:48:26]} 17... Bxh4 {[%clk
0:29:52]} 18. gxh4 {[%clk 0:48:46]} 18... Rfd8 {[%clk 0:24:54]} 19. h5 { [%clk
0:44:58]} 19... Be8 {[%clk 0:20:24]} 20. hxg6 {[%clk 0:43:26]} 20... fxg6
{[%clk 0:20:44]} 21. Bg2 {[%clk 0:36:42]} 21... Bf7 {[%clk 0:19:36]} 22. Qf2 {
[%clk 0:32:37]} 22... Na5 {[%clk 0:18:40]} 23. b3 {[%clk 0:32:19]} 23... Rd3 {
[%clk 0:17:54]} 24. c4 {[%clk 0:31:31]} 24... Rad8 {[%clk 0:17:45]} 25. Be3 {
[%clk 0:28:51]} 25... b6 {[%clk 0:15:46]} 26. Ne1 {[%clk 0:28:32]} 26... R3d6 {
[%clk 0:15:27]} 27. Qg3 {[%clk 0:27:39]} 27... Rd1 {[%clk 0:15:05]} 28. Rxd1 {
[%clk 0:27:34]} 28... Rxd1 {[%clk 0:15:24]} 29. Nf3 {[%clk 0:27:47]} 29...
Rxf1+ {[%clk 0:15:39]} 30. Bxf1 {[%clk 0:27:33]} 30... Nc6 {[%clk 0:16:02]} 31.
Bh3 {[%clk 0:26:47]} 31... Qd6 {[%clk 0:15:32]} 32. Ng5 {[%clk 0:26:25]} 32...
Nd4 {[%clk 0:15:16]} 33. Nxf7 {[%clk 0:25:23]} 33... Kxf7 {[%clk 0:15:37]} 34.
Qf2 {[%clk 0:25:00]} 34... Qf6 {[%clk 0:15:30]} 35. fxg6+ {[%clk 0:24:53]}
35... hxg6 {[%clk 0:15:36]} 36. Qxf6+ {[%clk 0:23:54]} 36... Kxf6 { [%clk
0:15:59]} 37. Kf2 {[%clk 0:24:11]} 37... Nc2 {[%clk 0:15:30]} 38. Bg4 { [%clk
0:21:10]} 38... Nxe3 {[%clk 0:14:54]} 39. Kxe3 {[%clk 0:21:36]} 39... Nh5
{[%clk 0:15:10]} 40. Bxh5 {[%clk 0:20:33]} 40... gxh5 {[%clk 0:15:26]} 41. Kf3
{[%clk 0:20:47]} 41... Kg5 {[%clk 0:15:43]} 42. Kg3 {[%clk 0:21:07]} 42... h4+
{[%clk 0:15:23]} 43. Kf3 {[%clk 0:21:21]} 43... Kh5 {[%clk 0:15:43]} 44. h3 {
[%clk 0:18:30]} 1/2-1/2

[Event "DEM U10 2019"]
[Site "Willingen GER"]
[Date "2019.06.13"]
[Round "8"]
[White "Aniol, Nico"]
[Black "Fruth, David"]
[Result "1-0"]
[Termination "normal"]
[Board "10"]
[WhiteElo "1406"]
[BlackElo "1423"]
[PlyCount "31"]
[WhiteFideId "16287096"]
[BlackFideId "16257596"]
[EventCountry "GER"]
[EventRounds "11"]
[EventType "swiss"]
[EventDate "2019.06.08"]

1. e4 e5 2. Nc3 Nf6 3. f4 d5 4. fxe5 Nxe4 5. Nf3 Nc6 6. Qe2 Bg4 7. Nxe4 Nd4 8.
Qd3 dxe4 9. Qxd4 exf3 10. Qxg4 fxg2 11. Bxg2 c6 12. d4 c5 13. Bxb7 Rb8 14. Bc6+
Ke7 15. d5 f6 16. Qe6# 1-0

[Event "DEM U10 2019"]
[Site "Willingen GER"]
[Date "2019.06.13"]
[Round "8"]
[White "Jouani, Zakharia"]
[Black "Dorendorf, Mika"]
[Result "0-1"]
[Termination "normal"]
[Board "11"]
[WhiteElo "1507"]
[BlackElo "1398"]
[PlyCount "112"]
[WhiteFideId "16206746"]
[BlackFideId "16283066"]
[EventCountry "GER"]
[EventRounds "11"]
[EventType "swiss"]
[EventDate "2019.06.08"]

1. e4 c5 2. Nf3 e6 3. d4 cxd4 4. Nxd4 Bc5 5. Nb3 Bb6 6. Nc3 Nf6 7. Bf4 d5 8. e5
Nfd7 9. Qg4 Kf8 10. O-O-O Bxf2 11. h4 h5 12. Qf3 Bxh4 13. Kb1 Bg5 14. Rxh5 Rxh5
15. Qxh5 Bxf4 16. Qh8+ Ke7 17. Qh4+ g5 18. Qh7 Bxe5 19. Ne2 Qh8 20. Qd3 Bd6 21.
Re1 Ne5 22. Qe3 Qg7 23. Ned4 Nbc6 24. Bd3 Ng4 25. Nf5+ Kf8 26. Nxg7 Nxe3 27.
Nxe6+ Bxe6 28. Rxe3 Bf4 29. Re1 Re8 30. Rh1 f5 31. Rh8+ Bg8 32. a4 Nb4 33. Rh1
Nxd3 34. cxd3 Bg3 35. Ka2 d4 36. Rf1 Bxb3+ 37. Kxb3 f4 38. Rh1 Kg7 39. Rc1 Re7
40. Rc5 Kf6 41. Rd5 Bf2 42. Rd6+ Re6 43. Rd7 g4 44. Rd8 Kf5 45. Rf8+ Rf6 46.
Rd8 f3 47. g3 Be3 48. Rh8 f2 49. Rh1 Ke6 50. Rf1 Bh6 51. Kc4 Be3 52. b4 Rf3 53.
Kc5 Rxg3 54. b5 Rg1 55. a5 Rxf1 56. b6 Rc1+ 0-1

[Event "DEM U10 2019"]
[Site "Willingen GER"]
[Date "2019.06.13"]
[Round "8"]
[White "Malinowsky, Levi"]
[Black "Chugunov, Ivan"]
[Result "1/2-1/2"]
[Termination "normal"]
[Board "12"]
[WhiteElo "1400"]
[BlackElo "1310"]
[PlyCount "48"]
[WhiteFideId "16253094"]
[BlackFideId "16256808"]
[EventCountry "GER"]
[EventRounds "11"]
[EventType "swiss"]
[EventDate "2019.06.08"]

1. e4 c6 2. d4 d5 3. Nc3 dxe4 4. Nxe4 Nd7 5. Nf3 Ngf6 6. Bd3 Nxe4 7. Bxe4 Nf6
8. Bd3 Bg4 9. c3 e6 10. Bd2 Be7 11. h3 Bh5 12. Qe2 Qc7 13. O-O-O Bg6 14. Ne5
O-O 15. Nxg6 hxg6 16. h4 b5 17. h5 Nxh5 18. Rxh5 gxh5 19. Qxh5 f5 20. g4 Qd7
21. g5 Rfd8 22. g6 Bf6 23. Bg5 Bxg5+ 24. Qxg5 Qd5 1/2-1/2

[Event "DEM U10 2019"]
[Site "Willingen GER"]
[Date "2019.06.13"]
[Round "8"]
[White "Middendorf, Sven-Jonas"]
[Black "Klaska, Philipp Leon"]
[Result "0-1"]
[Termination "normal"]
[Board "13"]
[WhiteElo "1452"]
[BlackElo "1444"]
[PlyCount "112"]
[WhiteFideId "16287207"]
[BlackFideId "16238044"]
[EventCountry "GER"]
[EventRounds "11"]
[EventType "swiss"]
[EventDate "2019.06.08"]

1. e4 c5 2. Nf3 a6 3. Nc3 e6 4. d4 cxd4 5. Nxd4 Qc7 6. Be3 Nf6 7. Be2 Bb4 8.
Bd2 Bxc3 9. Bxc3 Nxe4 10. Qd3 Nxc3 11. Qxc3 Qxc3+ 12. bxc3 O-O 13. O-O d5 14.
c4 dxc4 15. Bxc4 b5 16. Bb3 Nd7 17. c4 bxc4 18. Bxc4 Nb6 19. Be2 Nd5 20. Bf3
Bd7 21. Rfd1 Rab8 22. Nb3 Nf6 23. Nc5 Bc8 24. Rab1 Rxb1 25. Rxb1 Nd7 26. Nxd7
Bxd7 27. Rb7 Bb5 28. h3 g6 29. Ra7 Rc8 30. Ra8 Rxa8 31. Bxa8 Bc4 32. a3 Bd5 33.
Bxd5 exd5 34. Kf1 f6 35. Ke2 Kf7 36. Kd3 Ke6 37. Kd4 Kd6 38. f4 h6 39. a4 a5
40. g4 g5 41. f5 Kc6 42. Kd3 Kc5 43. Kc3 d4+ 44. Kd3 Kd5 45. Kd2 Ke4 46. Ke2
d3+ 47. Kd2 Kd4 48. h4 gxh4 49. g5 hxg5 50. Kd1 h3 51. Ke1 h2 52. Kd2 g4 53.
Kd1 h1=Q+ 54. Kd2 Qg2+ 55. Kd1 Qc2+ 56. Ke1 Qe2# 0-1

[Event "DEM U10 2019"]
[Site "Willingen GER"]
[Date "2019.06.13"]
[Round "8"]
[White "Guo, Jacob Tingshen"]
[Black "Burkart, Lloyd Shang"]
[Result "1/2-1/2"]
[Termination "normal"]
[Board "14"]
[WhiteElo "1420"]
[BlackElo "1411"]
[PlyCount "41"]
[WhiteFideId "16245245"]
[BlackFideId "16239059"]
[EventCountry "GER"]
[EventRounds "11"]
[EventType "swiss"]
[EventDate "2019.06.08"]

1. e4 c5 2. c3 Nf6 3. e5 Nd5 4. Nf3 Nc6 5. Bc4 Nb6 6. Bb3 c4 7. Bc2 g6 8. O-O
Bg7 9. Re1 O-O 10. b3 d5 11. exd6 exd6 12. bxc4 Nxc4 13. d4 d5 14. Na3 N6a5 15.
Bd3 h6 16. h3 Be6 17. Nc2 Rc8 18. Nb4 Qd7 19. Qc2 f5 20. a3 a6 21. Bf4 1/2-1/2

[Event "DEM U10 2019"]
[Site "Willingen GER"]
[Date "2019.06.13"]
[Round "8"]
[White "Jahnz, Laurin"]
[Black "Kuhlmann, Nils Magnus"]
[Result "1-0"]
[Termination "normal"]
[Board "15"]
[WhiteElo "1497"]
[BlackElo "1227"]
[PlyCount "149"]
[WhiteFideId "16261089"]
[BlackFideId "16287177"]
[EventCountry "GER"]
[EventRounds "11"]
[EventType "swiss"]
[EventDate "2019.06.08"]

1. e4 c5 2. Nf3 d6 3. Bb5+ Bd7 4. Bxd7+ Nxd7 5. d4 cxd4 6. Qxd4 Ngf6 7. O-O e5
8. Qe3 Be7 9. b3 Rc8 10. c4 a6 11. Nbd2 Ng4 12. Qe2 g6 13. Bb2 Rf8 14. Ne1 Ngf6
15. Bc1 Nc5 16. Nd3 Ne6 17. Nb1 Nd4 18. Qb2 Nxe4 19. Rd1 f5 20. Be3 Qb6 21. Ne1
Bf6 22. Nc2 Rxc4 23. Nba3 Ra4 24. Rab1 Rxa3 25. Nxa3 f4 26. Bxd4 exd4 27. Re1
d5 28. Kh1 d3 29. Qd2 Kf7 30. Rxe4 dxe4 31. Qxf4 Qa5 32. Nc4 Qxa2 33. Re1 Qxb3
34. Qxe4 Kg7 35. Na5 Qb4 36. Qxb4 Bg5 37. Qxb7+ Rf7 38. Qxa6 d2 39. Rd1 Re7 40.
Qf1 Bf6 41. Nc4 Bc3 42. Nxd2 Re5 43. Nf3 Re7 44. Rd3 Bb4 45. Qd1 Re6 46. Re3
Rd6 47. Re7+ Kf6 48. Qxd6+ Bxd6 49. Rxh7 g5 50. Rh6+ Ke7 51. Rxd6 Kxd6 52. Nxg5
Ke5 53. h4 Kf6 54. g4 Kg6 55. Kg2 Kh6 56. Kg3 Kg6 57. Kf4 Kh6 58. Nh3 Kg6 59.
Ke4 Kh6 60. f4 Kg6 61. g5 Kg7 62. Ke5 Kg6 63. Ke6 Kg7 64. f5 Kf8 65. Kf6 Kg8
66. Ke7 Kg7 67. f6+ Kg6 68. f7 Kh7 69. g6+ Kxg6 70. f8=Q Kh7 71. Qf4 Kg6 72.
Qf6+ Kh7 73. Ng5+ Kg8 74. Qf7+ Kh8 75. Qf8# 1-0

[Event "DEM U10 2019"]
[Site "Willingen GER"]
[Date "2019.06.13"]
[Round "8"]
[White "Schlange, Jonathan"]
[Black "Möller, Tom"]
[Result "0-1"]
[Termination "normal"]
[Board "16"]
[WhiteElo "1488"]
[BlackElo "1229"]
[PlyCount "146"]
[WhiteFideId "16287240"]
[BlackFideId "16287215"]
[EventCountry "GER"]
[EventRounds "11"]
[EventType "swiss"]
[EventDate "2019.06.08"]

1. e4 c5 2. Nf3 e6 3. d4 cxd4 4. Nxd4 Nc6 5. Nf3 Qc7 6. Nc3 Nf6 7. a3 a6 8. Be2
b5 9. O-O Bb7 10. Bg5 h6 11. Bh4 Be7 12. Bg3 d6 13. Bxb5 axb5 14. Nxb5 Qd7 15.
Nxd6+ Bxd6 16. Qxd6 Nxe4 17. Qxd7+ Kxd7 18. Rad1+ Ke7 19. Ne5 Nxe5 20. Bxe5 f6
21. Bd4 Rhd8 22. Be3 Rxd1 23. Rxd1 Rd8 24. Rxd8 Kxd8 25. f3 Nd6 26. Kf2 Kc7 27.
b3 Kc6 28. Ke2 Nb5 29. a4 Nc3+ 30. Kd2 Nd5 31. Bf2 e5 32. a5 Kd6 33. c3 Nf4 34.
g3 Nh3 35. Bb6 Bxf3 36. b4 Bg2 37. Bc5+ Kc6 38. Bf8 g5 39. Bg7 f5 40. Bxe5 f4
41. Bd4 f3 42. Ke1 f2+ 43. Bxf2 Nxf2 44. Kxf2 Bd5 45. Ke3 g4 46. Kd4 Bf3 47. c4
Bg2 48. b5+ Kb7 49. Kc5 Bf3 50. a6+ Ka7 51. b6+ Kxa6 52. Kd6 Kxb6 53. Ke6 Kc5
54. Kf6 Kxc4 55. Kg6 Bg2 56. Kf5 Bh3 57. Ke4 h5 58. Ke3 Kd5 59. Kd3 Ke5 60. Ke3
Bf1 61. Kf2 Bb5 62. Kg2 Ke4 63. h3 Ke3 64. hxg4 hxg4 65. Kg1 Kf3 66. Kh2 Kf2
67. Kh1 Kxg3 68. Kg1 Kf3 69. Kh1 Kf2 70. Kh2 g3+ 71. Kh1 g2+ 72. Kh2 g1=Q+ 73.
Kh3 Qg3# 0-1

[Event "DEM U10 2019"]
[Site "Willingen GER"]
[Date "2019.06.13"]
[Round "8"]
[White "Li, David"]
[Black "Kullmann, Max"]
[Result "1/2-1/2"]
[Termination "normal"]
[Board "18"]
[WhiteElo "1418"]
[BlackElo "1455"]
[PlyCount "108"]
[WhiteFideId "16287185"]
[BlackFideId "16218574"]
[EventCountry "GER"]
[EventRounds "11"]
[EventType "swiss"]
[EventDate "2019.06.08"]

1. Nf3 d5 2. c4 c6 3. g3 Nf6 4. Bg2 g6 5. O-O Bg7 6. d4 O-O 7. cxd5 cxd5 8. Nc3
Nbd7 9. Bf4 Nh5 10. Bd2 Nb6 11. Rc1 Nc4 12. b3 Nxd2 13. Qxd2 Nf6 14. Ne5 Bf5
15. Na4 Ne4 16. Qe3 Rc8 17. g4 Be6 18. Bxe4 dxe4 19. Qxe4 Rxc1 20. Rxc1 Bd5 21.
Qe3 f6 22. Nd3 Qd7 23. h3 b6 24. Nf4 Bh6 25. Qg3 e5 26. dxe5 fxe5 27. Nxd5 Bxc1
28. Qxe5 Qd8 29. Ne3 Bxe3 30. Qxe3 Qd1+ 31. Kg2 Qd5+ 32. f3 Qd7 33. Nc3 Re8 34.
Ne4 Qe6 35. Qc3 Rf8 36. Qc7 Qf7 37. Qd6 Qf4 38. Qd5+ Qf7 39. Qd3 Qe7 40. Qe3
Qf7 41. Nd6 Qd7 42. Ne4 Qf7 43. Qd3 Qe7 44. Qb5 Rd8 45. Qc4+ Qf7 46. Qc1 Rf8
47. Qg5 Qg7 48. Qd2 Qe7 49. Ng5 Rd8 50. Qc1 Qxe2+ 51. Kg3 Qe5+ 52. Kg2 Qe2+ 53.
Kg3 Qe5+ 54. Kg2 Qe2+ 1/2-1/2

[Event "DEM U10 2019"]
[Site "Willingen GER"]
[Date "2019.06.13"]
[Round "8"]
[White "Gärtner, Alessandro"]
[Black "Scheerer, Julian"]
[Result "1/2-1/2"]
[Termination "normal"]
[Board "19"]
[WhiteElo "1233"]
[BlackElo "1395"]
[PlyCount "117"]
[WhiteFideId "16268024"]
[BlackFideId "16265769"]
[EventCountry "GER"]
[EventRounds "11"]
[EventType "swiss"]
[EventDate "2019.06.08"]

1. d4 d5 2. Bf4 Nf6 3. Nf3 c5 4. e3 Nc6 5. h3 Qb6 6. Nc3 a6 7. Rb1 h5 8. Be2
Bf5 9. a3 e6 10. O-O Be7 11. Re1 O-O 12. Bd3 Bxd3 13. Qxd3 c4 14. Qe2 Rad8 15.
Ne5 Rfe8 16. Qf3 g6 17. Qe2 Nd7 18. Nxd7 Rxd7 19. Qf3 Kg7 20. Qg3 Bf6 21. Na4
Qa7 22. Nc5 Rdd8 23. Bg5 Bxg5 24. Qxg5 b6 25. Na4 e5 26. Qh4 Re6 27. Nc3 Ne7
28. Ne2 Re8 29. Qg3 Nf5 30. Qf3 exd4 31. g4 hxg4 32. hxg4 Nh4 33. Qg3 Qe7 34.
Nxd4 Re4 35. c3 Kf8 36. Kf1 g5 37. Ke2 Qf6 38. Rh1 Kg8 39. Rbf1 Rf4 40. Kd2
Rfe4 41. Ke2 Qg6 42. Rd1 f5 43. gxf5 Nxf5 44. Nxf5 Qxf5 45. Qh3 Qxh3 46. Rxh3
R4e5 47. Rg3 Kf7 48. Rh1 Ke7 49. Rh6 Rg8 50. Rxb6 Re6 51. Rxe6+ Kxe6 52. f4 Kf5
53. Rxg5+ Rxg5 54. fxg5 Kxg5 55. Kf2 a5 56. Kf3 Kf5 57. a4 Ke5 58. Kf2 Kf6 59.
Ke2 1/2-1/2

[Event "DEM U10 2019"]
[Site "Willingen GER"]
[Date "2019.06.13"]
[Round "8"]
[White "Zobel, Christian"]
[Black "Buchinger, Alexis"]
[Result "1-0"]
[Termination "normal"]
[Board "20"]
[WhiteElo "1404"]
[BlackElo "1291"]
[PlyCount "115"]
[WhiteFideId "16259068"]
[BlackFideId "16287134"]
[EventCountry "GER"]
[EventRounds "11"]
[EventType "swiss"]
[EventDate "2019.06.08"]

1. e4 e5 2. Nf3 Nc6 3. Bc4 Bc5 4. c3 Nf6 5. d3 d6 6. O-O O-O 7. Re1 Be6 8. Bb3
a5 9. Nbd2 a4 10. Bxa4 Qd7 11. d4 exd4 12. cxd4 Rxa4 13. Qxa4 Nxd4 14. Qxd7
Nxf3+ 15. Nxf3 Bxd7 16. e5 Ng4 17. Be3 Bb4 18. Rec1 Bc6 19. exd6 Nxe3 20. fxe3
Bxd6 21. a4 Bxf3 22. gxf3 Re8 23. e4 Re6 24. Rd1 h5 25. Rab1 f5 26. exf5 Re2
27. b4 Rxh2 28. b5 Ra2 29. Ra1 Bc5+ 30. Kh1 Rf2 31. Rd5 b6 32. a5 Re2 33. Rd8+
Kf7 34. a6 Ke7 35. Rh8 Bd4 36. a7 Bxa1 37. a8=Q Re1+ 38. Kg2 Kf6 39. Qf8+ Kg5
40. Qf7 Kf4 41. Qxc7+ Be5 42. Qxb6 Re2+ 43. Kf1 Kxf3 44. Rxh5 Bg3 45. Qc6+ Re4
46. Rh3 Kf4 47. Rxg3 Ra4 48. Qc3 Ra1+ 49. Qxa1 Kxg3 50. b6 Kf4 51. b7 Kxf5 52.
Qxg7 Kf4 53. b8=R Ke4 54. Qg5 Kd3 55. Qg4 Kc2 56. Qg3 Kd2 57. Rb2+ Kc1 58. Qc3+
1-0

[Event "DEM U10 2019"]
[Site "Willingen GER"]
[Date "2019.06.13"]
[Round "8"]
[White "Herrmann, Arthur"]
[Black "Goldmann, David"]
[Result "0-1"]
[Termination "normal"]
[Board "21"]
[WhiteElo "1233"]
[BlackElo "1477"]
[PlyCount "160"]
[WhiteFideId "16287150"]
[BlackFideId "16268920"]
[EventCountry "GER"]
[EventRounds "11"]
[EventType "swiss"]
[EventDate "2019.06.08"]

1. e4 c5 2. Nf3 d6 3. d4 cxd4 4. Nxd4 Nf6 5. Nc3 g6 6. Be3 Bg7 7. Be2 O-O 8.
O-O Bd7 9. Qd2 Nc6 10. Nb3 Ne5 11. h3 Bc6 12. f4 Ned7 13. Bf3 Qc7 14. Rad1 Nb6
15. Qe2 Na4 16. Nxa4 Bxa4 17. Rd2 Bc6 18. Bd4 a6 19. Qe3 Nd7 20. Bxg7 Kxg7 21.
Qc3+ Kg8 22. Nd4 Qb6 23. Qb3 Qa7 24. Kh1 Nc5 25. Qe3 Nd7 26. Re1 Nb6 27. b3
Rfc8 28. Nxc6 bxc6 29. Bg4 Rc7 30. f5 Nd7 31. Qxa7 Raxa7 32. Red1 Nf6 33. Bf3
a5 34. a3 c5 35. g4 a4 36. g5 Ne8 37. Ra1 gxf5 38. exf5 Ng7 39. Be4 c4 40. b4
c3 41. Rd3 Ra6 42. Rf1 e6 43. f6 Ne8 44. Bg2 d5 45. h4 Nd6 46. Re1 Kf8 47. h5
Rc4 48. Bh3 Ne4 49. Kh2 Nxg5 50. Rg3 Nxh3 51. Kxh3 Rf4 52. Rxc3 Rxf6 53. Re5
Ke7 54. Kg4 Rf2 55. Kg3 Rf1 56. Rc5 f5 57. Rcxd5 Rg1+ 58. Kf4 Rg4+ 59. Kf3 Rh4
60. Ra5 Rxa5 61. Rxa5 Rh3+ 62. Ke2 Rxa3 63. Kd2 f4 64. Ke2 Kd6 65. Ra6+ Kd5 66.
Ra5+ Kc4 67. Re5 Kxb4 68. Rxe6 Rh3 69. Re4+ Ka3 70. Rxf4 Rxh5 71. Rf3+ Kb2 72.
Kd2 Rh2+ 73. Kd3 Rxc2 74. Rf4 Rc3+ 75. Kd2 a3 76. Rf1 Rc7 77. Kd3 Kb3 78. Rb1+
Ka4 79. Kd4 a2 80. Ra1 Ka3 0-1

[Event "DEM U10 2019"]
[Site "Willingen GER"]
[Date "2019.06.13"]
[Round "8"]
[White "Herrmann, Jakob"]
[Black "Bock, Leonas"]
[Result "0-1"]
[Termination "normal"]
[Board "22"]
[WhiteElo "1124"]
[BlackElo "1363"]
[PlyCount "110"]
[WhiteFideId "16287169"]
[BlackFideId "16287118"]
[EventCountry "GER"]
[EventRounds "11"]
[EventType "swiss"]
[EventDate "2019.06.08"]

1. e4 b6 2. d4 Bb7 3. Bd3 e6 4. Nf3 c5 5. c3 Nf6 6. Qe2 d5 7. e5 Ne4 8. O-O Be7
9. Be3 O-O 10. Nbd2 f5 11. exf6 Nxf6 12. Ne5 Nbd7 13. f4 Ne4 14. Nxe4 dxe4 15.
Bc2 Qc7 16. Rac1 Nxe5 17. fxe5 Rxf1+ 18. Rxf1 Rf8 19. Qg4 Rxf1+ 20. Kxf1 cxd4
21. Qxe6+ Kf8 22. Bxd4 Bc5 23. Bxc5+ Qxc5 24. Qd6+ Qxd6 25. exd6 Ke8 26. Ke2
Kd7 27. Ke3 Kxd6 28. Bxe4 Bxe4 29. Kxe4 a5 30. b3 b5 31. a3 Kc5 32. g4 b4 33.
Kd3 bxa3 34. Kc2 Kb5 35. Kb1 a4 36. bxa4+ Kxa4 37. Ka2 g5 38. h3 h6 39. c4 Kb4
40. c5 Kxc5 41. Kxa3 Kd4 42. Kb3 Ke3 43. Kc2 Kf3 44. Kd1 Kg3 45. Ke2 Kxh3 46.
Kf1 Kxg4 47. Kg2 h5 48. Kf2 h4 49. Kg2 Kf4 50. Kh2 g4 51. Kg2 g3 52. Kg1 Kf3
53. Kh1 g2+ 54. Kg1 h3 55. Kh2 Kf2 0-1

[Event "DEM U10 2019"]
[Site "Willingen GER"]
[Date "2019.06.13"]
[Round "8"]
[White "Yue, Qihang"]
[Black "Birkenheier, Nicolas"]
[Result "0-1"]
[Termination "normal"]
[Board "23"]
[WhiteElo "1354"]
[BlackElo "1160"]
[PlyCount "130"]
[WhiteFideId "16278968"]
[BlackFideId "16287100"]
[EventCountry "GER"]
[EventRounds "11"]
[EventType "swiss"]
[EventDate "2019.06.08"]

1. d4 d5 2. c4 c6 3. Nc3 Nf6 4. Nf3 dxc4 5. e4 b5 6. Bg5 h6 7. Bh4 Bg4 8. Be2
Nbd7 9. a3 Qc7 10. O-O e6 11. e5 Nd5 12. Qd2 N7b6 13. h3 Bh5 14. Rac1 Rc8 15.
Rfe1 Be7 16. Bxe7 Qxe7 17. Ne4 O-O 18. Nc5 Nd7 19. Nxd7 Qxd7 20. Nh2 Bxe2 21.
Rxe2 Qe7 22. Ng4 Qg5 23. Qxg5 hxg5 24. Ne3 Nf4 25. Rd2 Rfd8 26. Kh2 Nd3 27.
Rcd1 Nf4 28. Nc2 a5 29. Kg3 Kh7 30. Kf3 Kg6 31. Rg1 Nd3 32. Rb1 Nxe5+ 33. Ke4
Nd3 34. Ne1 Nxe1 35. Rxe1 c5 36. Red1 cxd4 37. Rxd4 Rxd4+ 38. Rxd4 c3 39. bxc3
Rxc3 40. a4 b4 41. Rd2 Ra3 42. Rb2 Rxa4 43. Kd4 b3+ 44. Kc3 Ra2 45. Kxb3 Rxb2+
46. Kxb2 Kf5 47. Kb3 Ke4 48. Ka4 Kd3 49. Kxa5 Ke2 50. Kb6 Kxf2 51. Kc7 Kxg2 52.
Kd7 Kxh3 53. Ke7 g4 54. Kxf7 g3 55. Kxe6 g2 56. Kf7 g1=Q 57. Ke6 Qc5 58. Kf7
Qd6 59. Kxg7 Qe6 60. Kf8 Qd7 61. Kg8 Qe7 62. Kh8 Kg4 63. Kg8 Kh5 64. Kh8 Kg6
65. Kg8 Qg7# 0-1

[Event "DEM U10 2019"]
[Site "Willingen GER"]
[Date "2019.06.13"]
[Round "8"]
[White "Brügmann, Nick"]
[Black "Barthel, Jacob"]
[Result "1-0"]
[Termination "normal"]
[Board "24"]
[WhiteElo "1415"]
[BlackElo "1150"]
[PlyCount "51"]
[WhiteFideId "16287126"]
[BlackFideId "16273346"]
[EventCountry "GER"]
[EventRounds "11"]
[EventType "swiss"]
[EventDate "2019.06.08"]

1. e4 e5 2. Nf3 Nc6 3. Bc4 Bc5 4. c3 Nf6 5. d3 O-O 6. O-O d5 7. exd5 Nxd5 8.
Bg5 Be7 9. Bxe7 Ndxe7 10. Re1 Bg4 11. h3 Bh5 12. g4 Bg6 13. Nxe5 Nxe5 14. Rxe5
Nc6 15. Re1 Qh4 16. Qf3 Rfe8 17. Na3 a6 18. d4 Na5 19. Bf1 f6 20. Qd5+ Bf7 21.
Rxe8+ Rxe8 22. Qxa5 b6 23. Qxa6 Qg5 24. Qb5 Qf4 25. Bc4 Bxc4 26. Qxe8# 1-0